书目信息 |
| 题名: |
现代家装中的风水禁忌
|
|
| 作者: | 舒大丰 著 | |
| 分册: | ||
| 出版信息: | 南昌 百花洲文艺出版社 2004.06 |
|
| 页数: | 126页 | |
| 开本: | 21cm | |
| 丛书名: | 实用装修美学 | |
| 单 册: | ||
| 中图分类: | TU241 , B992.4 | |
| 科图分类: | ||
| 主题词: | 建筑装饰--jian zhu zhuang shi--设计--风水 | |
| 电子资源: | ||
| ISBN: | 7-80647-643-1 | |
| 000 | 00959nam 2200265 450 | |
| 001 | 010252131405 | |
| 005 | 20050831203825.46 | |
| 010 | @a7-80647-643-1@dCNY20.00 | |
| 100 | @a20050623d2004 km y0chiy0120 ea | |
| 101 | 0 | @achi |
| 102 | @aCN@b360000 | |
| 105 | @aa z 000yy | |
| 200 | 1 | @a现代家装中的风水禁忌@Axian dai jia zhuang zhong de feng shui jin ji@f舒大丰著@Fshu da feng zhu@e吉宅相法 |
| 210 | @a南昌@c百花洲文艺出版社@d2004.06 | |
| 215 | @a126页@c图@d21cm | |
| 225 | 2 | @a实用装修美学@Ashi yong zhuang xiu mei xue |
| 330 | @a本书从美学的角度,阐释现代家装中的风水禁忌现象,旨在以科学的方法解决住宅环境设计、装修材料选择、家具颜色搭配等等吉与凶、善与恶之难题。 | |
| 410 | 0 | @12001 @a实用装修美学 |
| 517 | 1 | @a吉宅相法@Aji zhai xiang fa |
| 606 | 0 | @a建筑装饰@Ajian zhu zhuang shi@x设计@x风水 |
| 690 | @aTU241@v4 | |
| 690 | @aB992.4@v4 | |
| 701 | 0 | @a舒大丰@Ashu da feng@4著 |
| 801 | 0 | @aCN@bQSSK@c20050831 |
| 905 | @a10447@dTU241@eS637 | |
| 现代家装中的风水禁忌/舒大丰著:吉宅相法.-南昌:百花洲文艺出版社,2004.06 |
| 126页:图;21cm.-(实用装修美学) |
| ISBN 7-80647-643-1:CNY20.00 |
| 本书从美学的角度,阐释现代家装中的风水禁忌现象,旨在以科学的方法解决住宅环境设计、装修材料选择、家具颜色搭配等等吉与凶、善与恶之难题。 |
| ● |
| 相关链接 |
|
|
|
正题名:现代家装中的风水禁忌
索取号:TU241/S637
 
预约/预借
| 序号 | 登录号 | 条形码 | 馆藏地/架位号 | 状态 | 备注 |
| 1 | 566391 | 205663913 | 建筑库101/101建筑库 59排1列2层/ [索取号:TU241/S637] | 在馆 | |
| 2 | 566392 | 205663922 | 建筑与城市规划学院资料室/101建筑库 31排2列5层/ [索取号:TU241/S637] | 在馆 | |
| 3 | 566393 | 205663931 | 建筑库101/101建筑库 59排1列2层/ [索取号:TU241/S637] | 在馆 |